| 000 | 00382nam a2200145 a 4500 | ||
|---|---|---|---|
| 001 | 4875 | ||
| 003 | CDMR | ||
| 005 | 20130916130011.0 | ||
| 008 | 130130s1987||||||||||||||||||||||||||||d | ||
| 020 | _a8439895070 | ||
| 040 |
_aCDMR _bcat _cCDMR |
||
| 245 | 0 | _aImportantes de la comunicación | |
| 260 |
_aMadrid _c1987 _bAsociación Española de Asesores de Comunicación |
||
| 942 |
_cMON _2udc |
||
| 999 |
_c4875 _d4875 |
||